[Event "Lvov Ukrainian Chess Warriors"]
[Site "Lvov"]
[Date "2024.03.15"]
[Round "3"]
[White "Alexikov, Alexander"]
[Black "Toroptseva, Yevheniia"]
[Result "1-0"]
[WhiteElo "2183"]
[BlackElo "1923"]
[PlyCount "67"]
[EventDate "2024.03.15"]
[EventType "swiss (rapid)"]
[EventRounds "8"]
[EventCountry "UKR"]
[SourceTitle "CB12_2024"]
[SourceDate "2023.10.01"]
[SourceVersion "1"]
[SourceVersionDate "2023.10.01"]
[SourceQuality "1"]

1. e4 c5 2. Nf3 e6 3. Nc3 Nc6 4. d4 cxd4 5. Nxd4 Nf6 6. Be2 Bb4 7. Nxc6 bxc6 8. e5 Nd5 9. Bd2 Bxc3 10. bxc3 Qc7 11. c4 Nb6 12. f4 c5 13. 0-0 Bb7 14. a4 Ba6 15. a5 Nxc4 16. Bc1 Rb8 17. Qd3 Bb5 18. Qg3 Kf8 19. Rb1 a6 20. Bd3 Nxa5 21. f5 Bxd3 22. Rxb8+ Qxb8 23. cxd3 Nc6 24. f6 gxf6 25. Bh6+ Ke7 26. exf6+ Kd8 27. Qg7 Kc7 28. Qxf7 Ne5 29. Bf4 Kc6 30. Qh5 d6 31. f7 Ng6 32. Bh6 Qb7 33. Qf3+ Kc7 34. f8Q 1-0

[Event "Titled Tuesday intern op 14th Nov Early"]
[Site "Chess.com INT"]
[Date "2023.11.14"]
[Round "1"]
[White "Fromm, Marius"]
[Black "Alexikov, Alexander"]
[Result "1-0"]
[WhiteElo "2437"]
[BlackElo "2209"]
[PlyCount "35"]
[EventDate "2023.11.14"]
[EventType "swiss (blitz)"]
[EventRounds "11"]
[EventCountry "USA"]
[SourceTitle "CB47_2023"]
[SourceDate "2023.11.22"]
[SourceVersion "1"]
[SourceVersionDate "2023.11.22"]
[SourceQuality "1"]

1. e4 c5 2. Nf3 d6 3. d4 Nf6 4. Nc3 cxd4 5. Nxd4 a6 6. g3 b5 7. Bg2 Bb7 8. 0-0 Nbd7 9. Re1 e6 10. a4 b4 11. Nd5 Qa5 12. Nb3 Qd8 13. Nxb4 d5 14. Nxd5 Rc8 15. Bf4 Be7 16. Nxe7 Qxe7 17. Bd6 Qd8 18. a5 1-0

[Event "Titled Tuesday intern op 26th Sep Early"]
[Site "Chess.com INT"]
[Date "2023.09.26"]
[Round "6"]
[White "Alexikov, Alexander"]
[Black "Buscar, Michael"]
[Result "1-0"]
[WhiteElo "2209"]
[BlackElo "2041"]
[PlyCount "39"]
[EventDate "2023.09.26"]
[EventType "swiss (blitz)"]
[EventRounds "11"]
[EventCountry "USA"]
[SourceTitle "EXT 2024"]
[Source "ChessBase"]
[SourceDate "2023.10.10"]
[SourceVersion "1"]
[SourceVersionDate "2023.10.10"]
[SourceQuality "1"]

1. e4 c5 2. Nf3 Nc6 3. d4 cxd4 4. Nxd4 Nf6 5. Nc3 e5 6. Ndb5 h6 7. Nd6+ Bxd6 8. Qxd6 Qe7 9. Qxe7+ Kxe7 10. Bc4 d6 11. f3 Be6 12. Bb3 Nd4 13. Ne2 Bxb3 14. Nxd4 Ba4 15. Nf5+ Kf8 16. b3 Bc6 17. Ba3 Rd8 18. 0-0-0 g6 19. Bxd6+ Ke8 20. Bxe5 1-0

[Event "Titled Tuesday intern op 26th Sep Early"]
[Site "Chess.com INT"]
[Date "2023.09.26"]
[Round "8"]
[White "Alexikov, Alexander"]
[Black "Carrasco Miranda, Andres"]
[Result "0-1"]
[WhiteElo "2209"]
[BlackElo "2241"]
[PlyCount "50"]
[EventDate "2023.09.26"]
[EventType "swiss (blitz)"]
[EventRounds "11"]
[EventCountry "USA"]
[SourceTitle "EXT 2024"]
[Source "ChessBase"]
[SourceDate "2023.10.10"]
[SourceVersion "1"]
[SourceVersionDate "2023.10.10"]
[SourceQuality "1"]

1. e4 e5 2. Nf3 Nc6 3. c3 d5 4. Qa4 f6 5. Bb5 Nge7 6. exd5 Qxd5 7. d4 e4 8. c4 Qd6 9. c5 Qd8 10. Nfd2 f5 11. Nc3 Be6 12. Nb3 Kf7 13. Bg5 h6 14. Bxc6 hxg5 15. Bxb7 Rb8 16. c6 Nd5 17. Qxa7 Bb4 18. Rc1 e3 19. Nc5 exf2+ 20. Kxf2 Qd6 21. Nxe6 Kxe6 22. Rce1+ Kf7 23. Re5 Nf4 24. Rxf5+ Kg6 25. Rb5 Nd3+ 0-1

[Event "Titled Tuesday intern op 26th Sep Early"]
[Site "Chess.com INT"]
[Date "2023.09.26"]
[Round "9"]
[White "Cardozo Munar, Carlos Eduardo"]
[Black "Alexikov, Alexander"]
[Result "1-0"]
[WhiteElo "2043"]
[BlackElo "2209"]
[PlyCount "33"]
[EventDate "2023.09.26"]
[EventType "swiss (blitz)"]
[EventRounds "11"]
[EventCountry "USA"]
[SourceTitle "EXT 2024"]
[Source "ChessBase"]
[SourceDate "2023.10.10"]
[SourceVersion "1"]
[SourceVersionDate "2023.10.10"]
[SourceQuality "1"]

1. d4 Nf6 2. Bg5 e6 3. e4 h6 4. Bxf6 Qxf6 5. c3 d6 6. Nd2 Nd7 7. Bd3 b6 8. Ne2 Bb7 9. 0-0 0-0-0 10. a4 e5 11. a5 g6 12. axb6 axb6 13. Ra7 Nb8 14. Qa4 Qe7 15. Ra1 Qd7 16. Bb5 Bc6 17. Ra8 1-0

[Event "Titled Tuesday intern op 26th Sep Early"]
[Site "Chess.com INT"]
[Date "2023.09.26"]
[Round "7"]
[White "Iljin, Timofey"]
[Black "Alexikov, Alexander"]
[Result "1-0"]
[WhiteElo "2322"]
[BlackElo "2209"]
[PlyCount "77"]
[EventDate "2023.09.26"]
[EventType "swiss (blitz)"]
[EventRounds "11"]
[EventCountry "USA"]
[SourceTitle "EXT 2024"]
[Source "ChessBase"]
[SourceDate "2023.10.10"]
[SourceVersion "1"]
[SourceVersionDate "2023.10.10"]
[SourceQuality "1"]

1. e4 c5 2. c3 Nf6 3. e5 Nd5 4. Nf3 Nc6 5. d4 cxd4 6. cxd4 d6 7. Bc4 Nb6 8. Bxf7+ Kxf7 9. e6+ Kg8 10. d5 Ne5 11. Nxe5 dxe5 12. Nc3 g6 13. 0-0 Bg7 14. Qf3 Qf8 15. Qd3 Qf5 16. Qb5 h6 17. a4 Bxe6 18. dxe6 Qxe6 19. a5 Nc4 20. Qxb7 Kh7 21. b3 Nd6 22. Qd5 Qf5 23. Ba3 Rhd8 24. Bxd6 exd6 25. Ne4 Rab8 26. Rfd1 Bf8 27. Rd3 Re8 28. Rf3 Qe6 29. Nf6+ Kh8 30. Nxe8 Qxd5 31. Rxf8+ Kh7 32. Nf6+ Kg7 33. Nxd5 Kxf8 34. b4 Kf7 35. f3 Ke6 36. Rd1 Rb7 37. b5 Kd7 38. b6 axb6 39. Nxb6+ 1-0

[Event "Titled Tuesday intern op 12th Sep Late"]
[Site "Chess.com INT"]
[Date "2023.09.12"]
[Round "3"]
[White "Papp, Petra"]
[Black "Alexikov, Alexander"]
[Result "1-0"]
[WhiteElo "2318"]
[BlackElo "2209"]
[PlyCount "69"]
[EventDate "2023.09.12"]
[EventType "swiss (blitz)"]
[EventRounds "11"]
[EventCountry "USA"]
[SourceTitle "EXT 2024"]
[Source "ChessBase"]
[SourceDate "2023.10.10"]
[SourceVersion "1"]
[SourceVersionDate "2023.10.10"]
[SourceQuality "1"]

1. e4 c5 2. Nf3 d6 3. d4 cxd4 4. Nxd4 Nf6 5. Nc3 a6 6. Be3 Ng4 7. Bg5 h6 8. Bh4 g5 9. Bg3 Nc6 10. h3 Nf6 11. Qd2 e6 12. 0-0-0 Bd7 13. f3 Rc8 14. h4 g4 15. h5 Be7 16. Kb1 b5 17. Nxc6 Rxc6 18. e5 dxe5 19. Bxe5 b4 20. Ne4 Nxe4 21. fxe4 f6 22. Bf4 Bf8 23. Be2 e5 24. Bxg4 Rd6 25. Qe2 exf4 26. e5 Rxd1+ 27. Rxd1 Rh7 28. exf6+ Kf7 29. Rxd7+ Qxd7 30. Bxd7 Kg8 31. Qe6+ Kh8 32. f7 f3 33. gxf3 Rg7 34. Qxh6+ Rh7 35. Qxf8# 1-0

[Event "Titled Tuesday intern op 15th Aug Late"]
[Site "Chess.com INT"]
[Date "2023.08.15"]
[Round "1"]
[White "Osmak, Iulija"]
[Black "Alexikov, Alexander"]
[Result "1-0"]
[WhiteElo "2444"]
[BlackElo "2209"]
[PlyCount "41"]
[EventDate "2023.08.15"]
[EventType "swiss (blitz)"]
[EventRounds "11"]
[EventCountry "USA"]
[SourceTitle "EXT 2024"]
[Source "ChessBase"]
[SourceDate "2023.10.10"]
[SourceVersion "1"]
[SourceVersionDate "2023.10.10"]
[SourceQuality "1"]

1. Nf3 c5 2. b3 Nc6 3. Bb2 d6 4. e3 Bd7 5. d4 e6 6. c4 Nf6 7. d5 exd5 8. cxd5 Nb4 9. Nc3 Qa5 10. e4 Be7 11. a3 Na6 12. Bd3 0-0 13. 0-0 Rfe8 14. e5 dxe5 15. Nxe5 Rad8 16. Nc4 Qc7 17. d6 Bxd6 18. Nxd6 Re7 19. Ncb5 Qb8 20. Bxf6 gxf6 21. Qh5 1-0

[Event "Titled Tuesday intern op 25th Jul Late"]
[Site "Chess.com INT"]
[Date "2023.07.25"]
[Round "10"]
[White "Alexikov, Alexander"]
[Black "Barwinska, Ewa"]
[Result "0-1"]
[WhiteElo "2209"]
[BlackElo "2029"]
[PlyCount "56"]
[EventDate "2023.07.25"]
[EventType "swiss (blitz)"]
[EventRounds "11"]
[EventCountry "USA"]
[SourceTitle "EXT 2024"]
[Source "ChessBase"]
[SourceDate "2023.10.10"]
[SourceVersion "1"]
[SourceVersionDate "2023.10.10"]
[SourceQuality "1"]

1. e4 c5 2. Nf3 d6 3. d4 cxd4 4. Nxd4 Nf6 5. Nc3 a6 6. Be2 e5 7. Nb3 Be6 8. f4 exf4 9. Bxf4 Nc6 10. Qd2 Ne5 11. 0-0-0 Be7 12. Kb1 b5 13. Qe3 Qc7 14. Nd4 0-0 15. Nf5 Bxf5 16. exf5 b4 17. Nd5 Nxd5 18. Rxd5 Rac8 19. Rd2 Bf6 20. Qb3 a5 21. Rhd1 Rfd8 22. g4 h6 23. Qg3 a4 24. h4 b3 25. cxb3 axb3 26. axb3 Qa5 27. Rxd6 Rxd6 28. Rxd6 Qc5 0-1

[Event "Titled Tuesday intern op 25th Jul Late"]
[Site "Chess.com INT"]
[Date "2023.07.25"]
[Round "5"]
[White "Davidson, Kevin"]
[Black "Alexikov, Alexander"]
[Result "1-0"]
[WhiteElo "2154"]
[BlackElo "2209"]
[PlyCount "51"]
[EventDate "2023.07.25"]
[EventType "swiss (blitz)"]
[EventRounds "11"]
[EventCountry "USA"]
[SourceTitle "EXT 2024"]
[Source "ChessBase"]
[SourceDate "2023.10.10"]
[SourceVersion "1"]
[SourceVersionDate "2023.10.10"]
[SourceQuality "1"]

1. e4 c5 2. Nf3 d6 3. d4 Nf6 4. Nc3 cxd4 5. Nxd4 a6 6. h3 e5 7. Nde2 Be6 8. g4 h6 9. Bg2 Nbd7 10. Be3 Rc8 11. Qd2 Qc7 12. 0-0 g6 13. Rac1 Nb6 14. b3 h5 15. g5 Nfd7 16. Nd5 Nxd5 17. exd5 Bf5 18. c4 h4 19. Nc3 Be7 20. Ne4 b6 21. f4 Bf8 22. fxe5 Nxe5 23. Nf6+ Kd8 24. Rxf5 gxf5 25. Rf1 b5 26. Qf2 1-0

[Event "Titled Tuesday intern op 04th Jul Late"]
[Site "Chess.com INT"]
[Date "2023.07.04"]
[Round "11"]
[White "Alexikov, Alexander"]
[Black "Mangialardo, Tiago Carvalho"]
[Result "1-0"]
[WhiteElo "2209"]
[BlackElo "1965"]
[PlyCount "59"]
[EventDate "2023.07.04"]
[EventType "swiss (blitz)"]
[EventRounds "11"]
[EventCountry "USA"]
[SourceTitle "EXT 2024"]
[Source "ChessBase"]
[SourceDate "2023.10.10"]
[SourceVersion "1"]
[SourceVersionDate "2023.10.10"]
[SourceQuality "1"]

1. e4 Nf6 2. e5 Nd5 3. d4 d6 4. Nf3 Nc6 5. c4 Nb6 6. e6 fxe6 7. Nc3 g6 8. h4 e5 9. d5 Nd4 10. Nxd4 exd4 11. Qxd4 Rg8 12. Bg5 Bg7 13. Qe3 Bf5 14. Be2 Qd7 15. f3 h5 16. g4 hxg4 17. fxg4 Bxc3+ 18. bxc3 Bc2 19. Kd2 Ba4 20. Rae1 0-0-0 21. Qxe7 Rde8 22. Qxd7+ Bxd7 23. Bf6 Re4 24. h5 Bxg4 25. h6 Nxc4+ 26. Bxc4 Rxc4 27. h7 Rf8 28. h8Q Rxh8 29. Rxh8+ Kd7 30. Re7# 1-0

[Event "Titled Tuesday intern op 04th Jul Late"]
[Site "Chess.com INT"]
[Date "2023.07.04"]
[Round "1"]
[White "Alexikov, Alexander"]
[Black "Sierra Vallina, Lionel"]
[Result "0-1"]
[WhiteElo "2209"]
[BlackElo "2165"]
[PlyCount "92"]
[EventDate "2023.07.04"]
[EventType "swiss (blitz)"]
[EventRounds "11"]
[EventCountry "USA"]
[SourceTitle "EXT 2024"]
[Source "ChessBase"]
[SourceDate "2023.10.10"]
[SourceVersion "1"]
[SourceVersionDate "2023.10.10"]
[SourceQuality "1"]

1. e4 c6 2. d3 d5 3. Nd2 e5 4. Ngf3 Bd6 5. g3 Nf6 6. Bg2 0-0 7. 0-0 Re8 8. Re1 Nbd7 9. Qe2 a5 10. a4 Qc7 11. b3 b6 12. Bb2 Ba6 13. Qd1 Nc5 14. Qb1 Rad8 15. Qa2 dxe4 16. Nxe4 Ncxe4 17. dxe4 Bc5 18. Ba3 Qe7 19. Qb2 Ng4 20. Bxc5 Qxc5 21. c3 Rd3 22. Rac1 Red8 23. Rc2 Rd1 24. Rc1 R1d3 25. h3 Nf6 26. Qc2 b5 27. b4 axb4 28. cxb4 Qxc2 29. Rxc2 bxa4 30. Rxc6 Bb7 31. Rc5 Bxe4 32. Nxe5 R3d4 33. Bxe4 Rxe4 34. Rxe4 Nxe4 35. Ra5 f6 36. Ng4 Rd1+ 37. Kg2 Nc3 38. Rc5 a3 39. Rxc3 a2 40. Ra3 a1Q 41. Rxa1 Rxa1 42. Ne3 Rb1 43. Nd5 Kf7 44. Kf3 Ke6 45. Nf4+ Kf5 46. h4 Rb3+ 0-1

[Event "Titled Tuesday intern op 04th Jul Late"]
[Site "Chess.com INT"]
[Date "2023.07.04"]
[Round "7"]
[White "Souza, Gustavo Horokoski"]
[Black "Alexikov, Alexander"]
[Result "1-0"]
[WhiteElo "1953"]
[BlackElo "2209"]
[PlyCount "75"]
[EventDate "2023.07.04"]
[EventType "swiss (blitz)"]
[EventRounds "11"]
[EventCountry "USA"]
[SourceTitle "EXT 2024"]
[Source "ChessBase"]
[SourceDate "2023.10.10"]
[SourceVersion "1"]
[SourceVersionDate "2023.10.10"]
[SourceQuality "1"]

1. d4 Nf6 2. c4 g6 3. Nc3 Bg7 4. e4 d6 5. f3 0-0 6. Nge2 c5 7. Be3 b6 8. d5 a6 9. Qd2 b5 10. cxb5 axb5 11. Nxb5 Ba6 12. Nec3 Nbd7 13. a4 Qa5 14. Bd3 Ne5 15. Be2 Rfb8 16. 0-0 Ne8 17. Bg5 Rb7 18. h4 Qb4 19. h5 Nc4 20. Bxc4 Qxc4 21. h6 Bh8 22. Rfb1 Qb4 23. Qc2 Kf8 24. Bd2 c4 25. Nd1 Qc5+ 26. Be3 Qc8 27. Nd4 Kg8 28. Nc6 Qd7 29. Nc3 Rc8 30. Qd2 Rb3 31. Bd4 Nf6 32. Na5 Rb4 33. Nc6 Rb3 34. Re1 Rxc6 35. dxc6 Qxc6 36. Bf2 Bb7 37. Nb5 Qc8 38. Nd4 1-0

[Event "Titled Tuesday intern op 04th Jul Late"]
[Site "Chess.com INT"]
[Date "2023.07.04"]
[Round "3"]
[White "Vlassov, Nikolai"]
[Black "Alexikov, Alexander"]
[Result "1-0"]
[WhiteElo "2283"]
[BlackElo "2209"]
[PlyCount "103"]
[EventDate "2023.07.04"]
[EventType "swiss (blitz)"]
[EventRounds "11"]
[EventCountry "USA"]
[SourceTitle "EXT 2024"]
[Source "ChessBase"]
[SourceDate "2023.10.10"]
[SourceVersion "1"]
[SourceVersionDate "2023.10.10"]
[SourceQuality "1"]

1. e4 c5 2. c3 Nf6 3. e5 Nd5 4. d4 cxd4 5. cxd4 d6 6. Bc4 Nb6 7. Bb3 dxe5 8. Qh5 e6 9. dxe5 Nc6 10. Nc3 g6 11. Qg5 Qxg5 12. Bxg5 Bg7 13. Bf6 0-0 14. Nf3 Nd7 15. Bxg7 Kxg7 16. 0-0-0 Ndxe5 17. Nxe5 Nxe5 18. Rhe1 Nc6 19. Rd6 Kf6 20. Nd5+ Kg7 21. Nc7 Rb8 22. Red1 a6 23. Ba4 b5 24. Rxc6 bxa4 25. Nxa6 Bxa6 26. Rxa6 Rfc8+ 27. Kb1 Rc4 28. Ra7 Rcb4 29. Rd2 h5 30. a3 Rf4 31. f3 h4 32. h3 Rb5 33. Rad7 g5 34. R7d4 Rxd4 35. Rxd4 Ra5 36. f4 Kg6 37. Kc2 e5 38. fxe5 Kf5 39. Rg4 Rxe5 40. Kc3 Ra5 41. Kb4 Ra7 42. Kb5 Rb7+ 43. Kxa4 Rxb2 44. Ka5 Ra2 45. a4 Kg6 46. Kb5 f5 47. Rb4 Kh5 48. a5 g4 49. a6 g3 50. Ra4 Rb2+ 51. Kc6 Rb8 52. a7 1-0

[Event "Titled Tuesday intern op 20th Jun Late"]
[Site "Chess.com INT"]
[Date "2023.06.20"]
[Round "1"]
[White "Vlassov, Nikolai"]
[Black "Alexikov, Alexander"]
[Result "1-0"]
[WhiteElo "2283"]
[BlackElo "2209"]
[PlyCount "105"]
[EventDate "2023.06.20"]
[EventType "swiss (blitz)"]
[EventRounds "11"]
[EventCountry "USA"]
[SourceTitle "EXT 2024"]
[Source "ChessBase"]
[SourceDate "2023.10.10"]
[SourceVersion "1"]
[SourceVersionDate "2023.10.10"]
[SourceQuality "1"]

1. e4 c5 2. c3 Nf6 3. e5 Nd5 4. d4 cxd4 5. cxd4 Nc6 6. Nc3 Nxc3 7. bxc3 d5 8. Bd3 Qc7 9. Bd2 h6 10. f4 g6 11. Qc2 e6 12. Nf3 Be7 13. 0-0 Bd7 14. Bxg6 fxg6 15. Qxg6+ Kd8 16. Qg7 Rf8 17. Qxh6 Na5 18. Be1 Nc4 19. Bh4 Re8 20. Bxe7+ Rxe7 21. Ng5 Qa5 22. Qf8+ Be8 23. f5 exf5 24. e6 Qa3 25. Qxf5 Ne3 26. Qf6 Nxf1 27. Nf7+ Kc7 28. Qe5+ Kc6 29. Rxf1 Bxf7 30. Rxf7 Rxf7 31. exf7 Rf8 32. Qf6+ Qd6 33. Qf5 a6 34. h3 Kb6 35. h4 Ka7 36. h5 Qe7 37. Qxd5 Rxf7 38. Kh2 Qc7+ 39. Kh3 Qd7+ 40. Qxd7 Rxd7 41. g4 b5 42. Kh4 Rc7 43. h6 Rxc3 44. h7 Rc1 45. Kg5 Rh1 46. Kg6 b4 47. Kg7 a5 48. h8Q Rxh8 49. Kxh8 a4 50. g5 b3 51. axb3 a3 52. g6 a2 53. g7 1-0